1398 1710 1144 1800 1925 1194 1249 1946 1772 1870 1806 1002 1724 1158 1820 1960 1867 1041 1788 1372 1421 1034 1970 1704 1755 1206 1436 1477 1024 1397 1808 1062 1026 1685 1946 1525 1624 1038 1540 1334 1315 1855 1749 1911 1967 1618 1665 1449 1785 1504 1191 1098 1589 1409 1879 1424 1284 1944 1610 1806 1162 1352 1104 1518 1936 1620 1052 1944 1854 1771 1096 1926 1473 1413 1724 1660 1643 1714 1813 1637 1255 1875 1975 1949 1170 1561 1915 1647 1355 1470 1279 1965 1140 1669 1911 1700 1562 1472 1393 BCNSPRNW ULIB Ver.6.0+V

เปลี่ยนเป็นภาษาไทย

Change to English
 แสดงรายละเอียดบรรณานุกรม
  กลับหน้าหลัก

Brief Record : Get Marc (ISO 2709) : E-mail record : QR code < ปิดหน้าต่าง
LEADER : 00000nam 2200000uu 4500
001    13399112359
003     ULIB
008    110805s2549||||th 000 0 tha d
020    9748247376
040    bad
050  4 HF5734^bพ982ก 2549
100 0  ไพพรรณ เกียรติโชคชัย
245 10 การจัดการสัมมนาสู่ความเป็นเลิศ =^bSeminar for excellence /^c ไพพรรณ เกียรติโชคชัย
246 31 Seminar for excellence
250    พิมพ์ครั้งที่5
260    กรุงเทพฯ :^bการศึกษา,^c2549
300    (A-G), 230หน้า ;^c25 ซม.
650  4 การประชุม
945    ^p160^l0^i022184
995    ทศพร
999 ^a ทศพร
รายการนี้ยังไม่มีแท็ก
คุณยังไม่ได้ล็อกอิน คุณสามารถมีกิจกรรมร่วมกับเว็บไซต์ได้ แต่ต้องล็อกอินก่อน ::
  ล็อกอิน

รายการสื่อสารสนเทศ

ลำดับที่ ประเภท เลขเรียก/บาร์โค้ด สถานที่ สถานะ
- ไม่พบข้อมูล -

รายการใกล้เคียง
    หัวเรื่อง [การประชุม]

BibComment


ยังไม่เคยถูกคอมเมนท์

คอมเมนท์ทรัพยากรรายการนี้
  คอมเมนท์: การจัดการสัมมนาสู..


 Copyright 2026. Bcnsprnw @Library